00377nam a2200133Ia 4500003000400000008004100004040001600045082001500061100001800076245007200094260003900166300001000205650002800215GCL140319s9999 xx 000 0 eng d aGCL / cGCL04a915.6bH M1 aHELD, COLBERT10aMIDDLE EAST PATTERNS: PLACES PEOPLES AND POLITICS / cHELD, COLBERT a[S.N] : bWESTVIEW PRESS ، c1994 a484\P04aMIDDLE EAST - GEOGRAPHY